| 000 | 01047cam a2200217 4500 | ||
|---|---|---|---|
| 001 | X113264 | ||
| 008 | 000000n2001 000 0 eng u | ||
| 035 | _a(Sirsi) u113264 | ||
| 245 | _aMast rules stop short of extending full planning permission. | ||
| 260 | _c2001 | ||
| 490 |
_aRICS Rural Professional _vApril/May 2001, 15(1) |
||
| 520 | _aReports on revisions made to the planning process for telecommunications masts, including the extension of planning permission and increased consultation, and the government response to concerns about the effects of mobile phones and mobile phone masts on health. Whilst the amendments have been broadly welcomed both the CPRE and RTPI have criticised the decision not to extend full planning permission to all masts. | ||
| 650 | _aMOBILE PHONE MASTS | ||
| 650 | _aPLANNING PERMISSION | ||
| 650 | _aPLANNING POLICY | ||
| 650 | _aPLANNING PROCESS | ||
| 650 | _aPPG8 | ||
| 650 | _aTELECOMMUNICATIONS MASTS | ||
| 690 | _aENVIRONMENTAL AND LAND CONSULTANCY-PLANNING AND DEVELOPMENT | ||
| 942 | _n0 | ||
| 999 |
_c67465 _d67465 |
||